| 000 | 00533nam a2200193 4500 | ||
|---|---|---|---|
| 001 | 117917 | ||
| 003 | ES-MaACL | ||
| 005 | 20230906191008.0 | ||
| 007 | t| | ||
| 008 | 070214s1957 sp r ||||1| spa d | ||
| 100 | 1 |
_aPereña, Luciano. _990516 |
|
| 245 | 1 | 0 |
_aCriteriología democrática / _cLuciano Pereña. |
| 260 |
_aMadrid : _bEuramerica, _c1957. |
||
| 300 |
_a82 p. ; _c18 cm. |
||
| 490 | 1 |
_aBien común ; _v10 |
|
| 830 | 0 |
_aBien común ; _v10 _9183448 |
|
| 852 |
_aES-MaACL _jC-13998 _bR.40779 |
||
| 999 |
_c117917 _d117917 |
||